Christian living. (Record no. 12692)

000 -LEADER
fixed length control field 00547nam a2200181 a 4500
001 - CONTROL NUMBER
control field :::00010506$&:&@@
003 - CONTROL NUMBER IDENTIFIER
control field OkBaRHE
005 - DATE AND TIME OF LATEST TRANSACTION
control field 20000607103359.0
008 - FIXED-LENGTH DATA ELEMENTS--GENERAL INFORMATION
fixed length control field j 000 0 eng u
040 ## - CATALOGING SOURCE
Transcribing agency
100 1# - MAIN ENTRY--PERSONAL NAME
Personal name Meyer, F. B. (Frederick Brotherton), 1847-1929.
245 10 - TITLE STATEMENT
Title Christian living.
260 ## - PUBLICATION, DISTRIBUTION, ETC. (IMPRINT)
Place of publication, distribution, etc Chicago, IL., :
Name of publisher, distributor, etc W. B. Conkey Co.
Date of publication, distribution, etc nd
300 ## - PHYSICAL DESCRIPTION
Extent 48 p. ;
Dimensions 17 cm.
650 ## - SUBJECT ADDED ENTRY--TOPICAL TERM
Topical term or geographic name as entry element Christian Life
942 ## - ADDED ENTRY ELEMENTS (KOHA)
Source of classification or shelving scheme
Koha item type Books
Copies
Shelving location Koha item type Damaged status Barcode Source of classification or shelving scheme Date acquired Date last seen Permanent Location Full call number Not for loan Price effective from Copy number Withdrawn status Lost status
General StacksBooks 10506 2010-04-142010-04-14RHEMA Bible Training CollegeBV 4501 .M4 2010-04-141